LIBRARY & INFORMATION CENTRE, KCAET, TAVANUR

ONLINE PUBLIC ACCESS CATALOGUE (OPAC)

Small, medium and large scale industries / (Record no. 7917)

MARC details
000 -LEADER
fixed length control field 00457cam a2200181ua 4500
041 ## - LANGUAGE CODE
Language code of text/sound track or separate title eng
082 ## - DEWEY DECIMAL CLASSIFICATION NUMBER
Classification number 338.4
Item number MAL/SM
100 ## - MAIN ENTRY--AUTHOR NAME
Personal name Malik, R.K .
245 ## - TITLE STATEMENT
Title Small, medium and large scale industries /
260 ## - PUBLICATION, DISTRIBUTION, ETC. (IMPRINT)
Place of publication :
Name of publisher Small Industry Research Imstitute ,
Year of publication 1975.
300 ## - PHYSICAL DESCRIPTION
Number of Pages 416 ; .
500 ## - GENERAL NOTE
General note **Reference
942 ## - ADDED ENTRY ELEMENTS (KOHA)
Koha item type Books
Holdings
Withdrawn status Lost status Damaged status Home library Current library Date acquired Full call number Accession Number Koha item type
      KAUAET KAUAET 07/04/2012 338.4 20292 Reference
free website counter